000 00703nam a22001937a 4500
005 20220719114551.0
008 220719b ||||| |||| 00| 0 eng d
040 _cAL
041 _aEnglish
082 _223
_a337.2
_bINTL
100 _aInternational Union of Electrical Radio and Machine Workers
_951134
245 _aLets Organize: The IUE Organizer His Challenge and His Opportunity
260 _aWashington
_bInternational Union of Electrical Radio and Machine Workers
_c1957
300 _a41 p.
_bPB
_c18x12.5 cm.
650 _aCommunity organization
_951135
650 _aUnited States
_951136
700 _aINTERNATIONAL UNION OF ELECTRICAL RADIO AND MACHINE WORKERS
_951137
942 _2ddc
_cGF
999 _c223967
_d223967